| 000 | 00998nam a22002057a 4500 | ||
|---|---|---|---|
| 005 | 20120309123426.0 | ||
| 010 | _aB-456398 | ||
| 020 |
_a9780521700511 _c395.00 |
||
| 020 |
_a05216700515 _c395.00 |
||
| 035 | _aB-456398 | ||
| 037 | _bAllied | ||
| 082 | _a188.24076 | ||
| 245 |
_aCambridge IELTS 5 : _bexamination papers from the university of Cambridge ESOLexaminations English for speakers of other languages / |
||
| 260 |
_aNew Delhi _bCambridge University Press _c2010 |
||
| 270 |
_aCambridge House,4381/4,Ansari Road,Daryaganj, _bNew Delhi _e110002 |
||
| 300 |
_a176p _c24cm(pbk) _e+CD-Rom |
||
| 942 |
_2ddc _cEN _mCAM _h488.24076 |
||
| 999 |
_c63909 _d63909 |
||